000 00707nam a2200301Ia 4500
005 20260401122100.0
008 008 250103s9999 xx 000 0 eng d
020 _a521629802
037 _aTB
040 _aEDL
040 _beng
040 _cEDL
041 _2eng
041 _aeng
084 _a791.430954 COO
084 _qEDL
100 _aCooper, Darius
_91232542
245 0 _aCinema of Satyajit Ray: Between Tradition and Modernity
245 0 _cCooper, Darius
260 _aCambridge
260 _bCambridge University Press
260 _c2000
300 _a260p
942 _cTB
942 _h791.430954 COO
999 _c1844797
_d1844797